Montaje y pruebas de un sistema de alarma de intrusion utilizando laser
Gorde:
| Egile nagusia: | |
|---|---|
| Beste egile batzuk: | , |
| Formatua: | Liburua |
| Argitaratua: |
[San José, Costa Rica]
2000
|
| Gaiak: | |
| Etiketak: |
Etiketa erantsi
Etiketarik gabe, Izan zaitez lehena erregistro honi etiketa jartzen!
|
MARC
| LEADER | 00000nam a2200000Ia 4500 | ||
|---|---|---|---|
| 003 | 010191 | ||
| 005 | 20231117133551.0 | ||
| 008 | 140114b2000 cr a m 000 ||s d | ||
| 040 | |c cru CEDI | ||
| 090 | |a TFG 4209 | ||
| 100 | |a Chavarria Gamboa, Nelson |9 3807 | ||
| 245 | |a Montaje y pruebas de un sistema de alarma de intrusion utilizando laser | ||
| 260 | |a [San José, Costa Rica] |c 2000 | ||
| 300 | |a 70 hojas; ilustraciones | ||
| 500 | |a Proyecto de graduación (bachillerato en ingeniería eléctrica)--Universidad de Costa Rica. Facultad de Ingeniería. Escuela de Ingeniería Eléctrica | ||
| 501 | |a Profesor Guía: M.Sc. Luis Diego Marín Naranjo | ||
| 650 | |x SISTEMAS DE CONTROL |x MEDIDAS DE SEGURIDAD |9 8074 | ||
| 700 | |9 8073 |a Troyo Rodríguez, Francisco | ||
| 700 | |a Marín Naranjo, Luis Diego, 1960- |d Director de Proyecto Eléctrico |9 808 | ||
| 942 | |c PIE |h TFG 4209 |i 010191 |6 TFG_4209_010191000000000 | ||
| 999 | |c 18241 |d 18241 | ||
